| 000 | 00902nam a22003017a 4500 | ||
|---|---|---|---|
| 001 | 5474 | ||
| 003 | FISKH | ||
| 005 | 20250909115451.0 | ||
| 008 | 241210b cb ||||| |||| 00| 0 eng d | ||
| 020 | _a9780439773683 | ||
| 040 |
_aFISKH _beng _cFISKH _dFISKH |
||
| 050 | _aPZ7.F866 | ||
| 082 | _a791.068 | ||
| 100 |
_aFrazee, Maria _d(1958-) |
||
| 245 |
_aRoller coaster / _cMarla Frazee |
||
| 250 | _aFirst printing in 2005 | ||
| 260 |
_aNew York : _bScholastic, _c2005. |
||
| 300 |
_a30 pages : _bcolor illustrations ; _c23 cm |
||
| 505 | _aJ | ||
| 520 | _aTwelve people set aside their fears and ride a roller coaster, including one who has never done so before. | ||
| 521 | 8 |
_a490L
_bLexile |
|
| 521 | 8 |
_aJ
_bRaz-Plus |
|
| 650 |
_2Movement _aRoller coaster |
||
| 650 |
_2Writing _aAmusement parks |
||
| 700 |
_aFrazee, Marla _dIllustrator |
||
| 942 |
_2ddc _cBK _n0 |
||
| 999 |
_c5474 _d5474 |
||